Contemporary issues in educational psychology / (Record no. 14241)

000 -LEADER
fixed length control field 00442pam a2200169 a 4500
020 ## - INTERNATIONAL STANDARD BOOK NUMBER
ISBN 0070111324
040 ## - CATALOGING SOURCE
Transcribing agency DLC
082 00 - DEWEY DECIMAL CLASSIFICATION NUMBER
Classification number 370 MCG 1994 A066 Or.
245 10 - TITLE STATEMENT
Title Contemporary issues in educational psychology /
250 ## - EDITION STATEMENT
Edition statement 6th ed.
260 ## - PUBLICATION, DISTRIBUTION, ETC. (IMPRINT)
Place of publication New York :
Name of publisher McGraw-Hill,
Year of publication c1994.
300 ## - PHYSICAL DESCRIPTION
Number of Pages xx, 425 p. ;
Dimensions 24 cm.
650 #0 - SUBJECT ADDED ENTRY--TOPICAL TERM
Topical Term Educational psychology.
700 1# - ADDED ENTRY--PERSONAL NAME
Personal name Craig, Robert C.
700 1# - ADDED ENTRY--PERSONAL NAME
Personal name Mehrens, William A.
942 ## - ADDED ENTRY ELEMENTS (KOHA)
Koha item type សៀវភៅភាសាអង់គ្លេស
952 ## - LOCATION AND ITEM INFORMATION (KOHA)
Withdrawn status [LOCAL, KOHA] 0
Holdings
Permanent Location Date acquired Koha item type Lost status Shelving location Barcode Current Location Full call number
Library Block A2017-10-10សៀវភៅភាសាអង់គ្លេស A067A15640Library Block A370 MCG 1994 A067 Or.
មជ្ឈមណ្ឌលឯការនៃសាកលវិទ្យាល័យភូមិន្ទកសិកម្មចំការដូង

Powered by Koha